000 00481nam a2200181Ia 4500
003 GCL
008 140319s9999 xx 000 0 ara d
040 _aGCL /
_cGCL
082 0 4 _a811.009
_bع م
100 1 _aعبدالله التطاوى
245 1 0 _aمواقف ادبية /
_cعبدالله التطاوى
300 _a130 ص
490 _a
650 0 4 _aالشعر العربى
650 0 4 _aالشعر
650 0 4 _aالشعر - تاريخ ونقد
942 _2ddc
_cBK
999 _c39793
_d39793